| 000 | 00556cam a2200217 4500 | ||
|---|---|---|---|
| 008 | 090401t1988 xxu||||| |||| 00| 0 eng d | ||
| 020 | _a0566027445 | ||
| 035 | _a(Sirsi) u26063 | ||
| 041 | _aeng | ||
| 050 | _a658.3145 | ||
| 100 | _aHoney, Peter | ||
| 245 | _aFace to face: a practical guide to interactive skills | ||
| 250 | _a2nd ed. | ||
| 260 |
_aAldershot,Hants _bGower Publishing Company _c1988 |
||
| 300 | _avii,200p. ; 22cm. | ||
| 350 | _a17.5 | ||
| 650 | _aCOMMUNICATIONS | ||
| 650 | _aMANAGEMENT | ||
| 942 | _n0 | ||
| 948 | _c04/03/1997 | ||
| 999 |
_c88872 _d88872 |
||